000 00600nam a2200217 a 4500
001 16505
003 CO-ViMGA
008 141112s2004 ck r 000 u spa d
020 _a9701866843
040 _aCO-ViMGA
_bspa
_cCO-ViMGA
082 0 4 _a921.3 N437g
100 1 _aGranier, Jean
_923557
245 1 0 _aNietzsche
260 _aMexico :
_bConaculta,
_cCruz,
_c2001
300 _a142.p.
490 _a¿Que se?
590 _aForma de adquisición : Premio - Mincultura
650 1 4 _aFILOSOFIA ALEMANA - ENSEÑANZA
_923558
650 1 4 _aNIETZSCHE, FEDERICO 1844 - 1900
_923559
942 _2ddc
_cBK
999 _c26318
_d26318